<?xml version="1.0" encoding="UTF-8"?>
<collection xmlns="http://www.loc.gov/MARC21/slim">
 <record>
  <leader>04048cam a2200829   4500</leader>
  <controlfield tag="001">24441369X</controlfield>
  <controlfield tag="003">DE-627</controlfield>
  <controlfield tag="005">20250121002216.0</controlfield>
  <controlfield tag="007">tu</controlfield>
  <controlfield tag="008">980530s1998    xxu|||||      00| ||eng c</controlfield>
  <datafield tag="010" ind1=" " ind2=" ">
   <subfield code="a">   98007688 </subfield>
  </datafield>
  <datafield tag="020" ind1=" " ind2=" ">
   <subfield code="a">0300075960</subfield>
   <subfield code="c">cloth : alk. paper</subfield>
   <subfield code="9">0-300-07596-0</subfield>
  </datafield>
  <datafield tag="035" ind1=" " ind2=" ">
   <subfield code="a">(DE-627)24441369X</subfield>
  </datafield>
  <datafield tag="035" ind1=" " ind2=" ">
   <subfield code="a">(DE-576)067575471</subfield>
  </datafield>
  <datafield tag="035" ind1=" " ind2=" ">
   <subfield code="a">(DE-599)GBV24441369X</subfield>
  </datafield>
  <datafield tag="035" ind1=" " ind2=" ">
   <subfield code="a">(OCoLC)231774882</subfield>
  </datafield>
  <datafield tag="035" ind1=" " ind2=" ">
   <subfield code="a">(OCoLC)39060544</subfield>
  </datafield>
  <datafield tag="040" ind1=" " ind2=" ">
   <subfield code="a">DE-627</subfield>
   <subfield code="b">ger</subfield>
   <subfield code="c">DE-627</subfield>
   <subfield code="e">rakwb</subfield>
  </datafield>
  <datafield tag="041" ind1=" " ind2=" ">
   <subfield code="a">eng</subfield>
  </datafield>
  <datafield tag="044" ind1=" " ind2=" ">
   <subfield code="c">XD-US</subfield>
   <subfield code="c">XA-GB</subfield>
  </datafield>
  <datafield tag="050" ind1=" " ind2="0">
   <subfield code="a">N7619.5.I8</subfield>
  </datafield>
  <datafield tag="050" ind1=" " ind2="0">
   <subfield code="a">N7619.5.I8W66 1998</subfield>
  </datafield>
  <datafield tag="082" ind1="0" ind2=" ">
   <subfield code="a">704.9/42/094509031</subfield>
  </datafield>
  <datafield tag="082" ind1="0" ind2=" ">
   <subfield code="a">704.942094509031</subfield>
  </datafield>
  <datafield tag="084" ind1=" " ind2=" ">
   <subfield code="a">9,10</subfield>
   <subfield code="a">1</subfield>
   <subfield code="2">ssgn</subfield>
  </datafield>
  <datafield tag="084" ind1=" " ind2=" ">
   <subfield code="a">LH 85240</subfield>
   <subfield code="2">rvk</subfield>
   <subfield code="0">(DE-625)rvk/95373:</subfield>
  </datafield>
  <datafield tag="084" ind1=" " ind2=" ">
   <subfield code="a">LN 83530</subfield>
   <subfield code="2">rvk</subfield>
   <subfield code="0">(DE-625)rvk/102388:</subfield>
  </datafield>
  <datafield tag="084" ind1=" " ind2=" ">
   <subfield code="a">20.24</subfield>
   <subfield code="2">bkl</subfield>
  </datafield>
  <datafield tag="084" ind1=" " ind2=" ">
   <subfield code="a">21.02</subfield>
   <subfield code="2">bkl</subfield>
  </datafield>
  <datafield tag="100" ind1="1" ind2=" ">
   <subfield code="8">1\p</subfield>
   <subfield code="a">Woods-Marsden, Joanna</subfield>
   <subfield code="d">1936-</subfield>
   <subfield code="0">(DE-588)133489787</subfield>
   <subfield code="0">(DE-627)54677749X</subfield>
   <subfield code="0">(DE-576)299882284</subfield>
   <subfield code="4">aut</subfield>
  </datafield>
  <datafield tag="245" ind1="1" ind2="0">
   <subfield code="a">Renaissance self-portraiture</subfield>
   <subfield code="b">the visual construction of identity and the social status of the artist</subfield>
   <subfield code="c">Joanna Woods-Marsden</subfield>
  </datafield>
  <datafield tag="246" ind1="3" ind2="3">
   <subfield code="a">Renaissance self-portraiture</subfield>
  </datafield>
  <datafield tag="264" ind1=" " ind2="1">
   <subfield code="a">New Haven [u.a.]</subfield>
   <subfield code="b">Yale University Press</subfield>
   <subfield code="c">1998</subfield>
  </datafield>
  <datafield tag="300" ind1=" " ind2=" ">
   <subfield code="a">VIII, 285 S.</subfield>
   <subfield code="b">zahlr. Ill.</subfield>
  </datafield>
  <datafield tag="336" ind1=" " ind2=" ">
   <subfield code="a">Text</subfield>
   <subfield code="b">txt</subfield>
   <subfield code="2">rdacontent</subfield>
  </datafield>
  <datafield tag="337" ind1=" " ind2=" ">
   <subfield code="a">ohne Hilfsmittel zu benutzen</subfield>
   <subfield code="b">n</subfield>
   <subfield code="2">rdamedia</subfield>
  </datafield>
  <datafield tag="338" ind1=" " ind2=" ">
   <subfield code="a">Band</subfield>
   <subfield code="b">nc</subfield>
   <subfield code="2">rdacarrier</subfield>
  </datafield>
  <datafield tag="500" ind1=" " ind2=" ">
   <subfield code="a">Literaturverz. S. 266 - 278</subfield>
  </datafield>
  <datafield tag="583" ind1="1" ind2=" ">
   <subfield code="a">Archivierung/Langzeitarchivierung gewährleistet</subfield>
   <subfield code="f">SSG</subfield>
   <subfield code="x">XA-DE-BW</subfield>
   <subfield code="2">pdager</subfield>
   <subfield code="5">DE-21</subfield>
  </datafield>
  <datafield tag="583" ind1="1" ind2=" ">
   <subfield code="a">Archivierung/Langzeitarchivierung gewährleistet</subfield>
   <subfield code="f">SSG</subfield>
   <subfield code="x">XA-DE-BW</subfield>
   <subfield code="2">pdager</subfield>
   <subfield code="5">DE-16</subfield>
  </datafield>
  <datafield tag="583" ind1="1" ind2=" ">
   <subfield code="a">Archivierung prüfen</subfield>
   <subfield code="c">20240324</subfield>
   <subfield code="f">DE-4165</subfield>
   <subfield code="z">3</subfield>
   <subfield code="2">pdager</subfield>
  </datafield>
  <datafield tag="650" ind1=" " ind2="0">
   <subfield code="a">Self-portraits, Italian</subfield>
  </datafield>
  <datafield tag="650" ind1=" " ind2="0">
   <subfield code="a">Portraits, Renaissance</subfield>
   <subfield code="x">Italy</subfield>
  </datafield>
  <datafield tag="650" ind1=" " ind2="0">
   <subfield code="a">Artists</subfield>
   <subfield code="x">Italy</subfield>
   <subfield code="x">Social conditions</subfield>
  </datafield>
  <datafield tag="650" ind1=" " ind2="0">
   <subfield code="a">Identity Psychology in art</subfield>
  </datafield>
  <datafield tag="653" ind1=" " ind2="0">
   <subfield code="a">Identity (Psychology) in art</subfield>
  </datafield>
  <datafield tag="689" ind1="0" ind2="0">
   <subfield code="d">g</subfield>
   <subfield code="0">(DE-588)4027833-5</subfield>
   <subfield code="0">(DE-627)106283235</subfield>
   <subfield code="0">(DE-576)208972501</subfield>
   <subfield code="a">Italien</subfield>
   <subfield code="2">gnd</subfield>
  </datafield>
  <datafield tag="689" ind1="0" ind2="1">
   <subfield code="d">s</subfield>
   <subfield code="0">(DE-588)4033423-5</subfield>
   <subfield code="0">(DE-627)106257307</subfield>
   <subfield code="0">(DE-576)209001941</subfield>
   <subfield code="a">Künstler</subfield>
   <subfield code="2">gnd</subfield>
  </datafield>
  <datafield tag="689" ind1="0" ind2="2">
   <subfield code="d">s</subfield>
   <subfield code="0">(DE-588)4054394-8</subfield>
   <subfield code="0">(DE-627)106162896</subfield>
   <subfield code="0">(DE-576)209108517</subfield>
   <subfield code="a">Selbstbildnis</subfield>
   <subfield code="2">gnd</subfield>
  </datafield>
  <datafield tag="689" ind1="0" ind2="3">
   <subfield code="d">s</subfield>
   <subfield code="0">(DE-588)4138616-4</subfield>
   <subfield code="0">(DE-627)10435366X</subfield>
   <subfield code="0">(DE-576)209687568</subfield>
   <subfield code="a">Identitätsentwicklung</subfield>
   <subfield code="2">gnd</subfield>
  </datafield>
  <datafield tag="689" ind1="0" ind2="4">
   <subfield code="d">s</subfield>
   <subfield code="0">(DE-588)4181935-4</subfield>
   <subfield code="0">(DE-627)105314234</subfield>
   <subfield code="0">(DE-576)210008040</subfield>
   <subfield code="a">Soziale Stellung</subfield>
   <subfield code="2">gnd</subfield>
  </datafield>
  <datafield tag="689" ind1="0" ind2="5">
   <subfield code="d">s</subfield>
   <subfield code="0">(DE-588)4049450-0</subfield>
   <subfield code="0">(DE-627)104117257</subfield>
   <subfield code="0">(DE-576)209082151</subfield>
   <subfield code="a">Renaissance</subfield>
   <subfield code="2">gnd</subfield>
  </datafield>
  <datafield tag="689" ind1="0" ind2="6">
   <subfield code="a">z</subfield>
   <subfield code="2">gnd</subfield>
   <subfield code="a">Geschichte 1400-1600</subfield>
  </datafield>
  <datafield tag="689" ind1="0" ind2=" ">
   <subfield code="5">(DE-627)</subfield>
  </datafield>
  <datafield tag="787" ind1="0" ind2="8">
   <subfield code="i">Rezension</subfield>
   <subfield code="a">Schmid, Josef</subfield>
   <subfield code="t">[Rezension von: Joanna Woods-Marsden, Renaissance self-portraiture]</subfield>
   <subfield code="d">2000</subfield>
   <subfield code="w">(DE-627)1547530502</subfield>
   <subfield code="w">(DE-576)477530508</subfield>
  </datafield>
  <datafield tag="787" ind1="0" ind2="8">
   <subfield code="i">Rezensiert in</subfield>
   <subfield code="a">Janson, Carol</subfield>
   <subfield code="t">[Rezension von: Woods-Marsden, Joanna, Renaissance Self-Portraiture: The Visual Construction of Identity and the Social Status of the Artist]</subfield>
   <subfield code="d">1999</subfield>
   <subfield code="w">(DE-627)1802364463</subfield>
  </datafield>
  <datafield tag="883" ind1=" " ind2=" ">
   <subfield code="8">1</subfield>
   <subfield code="a">cgwrk</subfield>
   <subfield code="d">20241001</subfield>
   <subfield code="q">DE-101</subfield>
   <subfield code="u">https://d-nb.info/provenance/plan#cgwrk</subfield>
  </datafield>
  <datafield tag="935" ind1=" " ind2=" ">
   <subfield code="i">Blocktest</subfield>
  </datafield>
  <datafield tag="936" ind1="r" ind2="v">
   <subfield code="a">LH 85240</subfield>
   <subfield code="b">16. Jahrhundert</subfield>
   <subfield code="k">Kunstgeschichte</subfield>
   <subfield code="k">Allgemeines. Allgemeine Kunstgeschichte</subfield>
   <subfield code="k">Porträt, Karikatur (mehrere Gattungen übergreifend)</subfield>
   <subfield code="k">Selbstporträt</subfield>
   <subfield code="k">Darstellungen nach Jahrhunderten</subfield>
   <subfield code="k">16. Jahrhundert</subfield>
   <subfield code="0">(DE-627)1271126486</subfield>
   <subfield code="0">(DE-625)rvk/95373:</subfield>
   <subfield code="0">(DE-576)201126486</subfield>
  </datafield>
  <datafield tag="936" ind1="r" ind2="v">
   <subfield code="a">LN 83530</subfield>
   <subfield code="b">Porträt</subfield>
   <subfield code="k">Kunstgeschichte</subfield>
   <subfield code="k">Kunst nach Ländern bzw. Kontinenten</subfield>
   <subfield code="k">Italien</subfield>
   <subfield code="k">Italienische Kunstgeschichte nach Gattungen</subfield>
   <subfield code="k">Malerei</subfield>
   <subfield code="k">Gegenstände (Darstellungen nichtikonographischen Charakters)</subfield>
   <subfield code="k">Porträt</subfield>
   <subfield code="0">(DE-627)1270705164</subfield>
   <subfield code="0">(DE-625)rvk/102388:</subfield>
   <subfield code="0">(DE-576)200705164</subfield>
  </datafield>
  <datafield tag="936" ind1="b" ind2="k">
   <subfield code="a">20.24</subfield>
   <subfield code="j">Gesellschaft</subfield>
   <subfield code="j">Kultur</subfield>
   <subfield code="x">Ikonographie</subfield>
   <subfield code="0">(DE-627)106423622</subfield>
  </datafield>
  <datafield tag="936" ind1="b" ind2="k">
   <subfield code="a">21.02</subfield>
   <subfield code="j">Geschichte der Malerei</subfield>
   <subfield code="0">(DE-627)106406698</subfield>
  </datafield>
  <datafield tag="951" ind1=" " ind2=" ">
   <subfield code="a">BO</subfield>
  </datafield>
  <datafield tag="990" ind1=" " ind2=" ">
   <subfield code="a">Italien</subfield>
  </datafield>
  <datafield tag="990" ind1=" " ind2=" ">
   <subfield code="a">Künstler</subfield>
  </datafield>
  <datafield tag="990" ind1=" " ind2=" ">
   <subfield code="a">Selbstbildnis</subfield>
  </datafield>
  <datafield tag="990" ind1=" " ind2=" ">
   <subfield code="a">Identitätsentwicklung</subfield>
  </datafield>
  <datafield tag="990" ind1=" " ind2=" ">
   <subfield code="a">Soziale Stellung</subfield>
  </datafield>
  <datafield tag="990" ind1=" " ind2=" ">
   <subfield code="a">Renaissance</subfield>
  </datafield>
  <datafield tag="990" ind1=" " ind2=" ">
   <subfield code="a">Geschichte 1400-1600</subfield>
  </datafield>
  <datafield tag="991" ind1=" " ind2=" ">
   <subfield code="a">Rezensiertes Werk</subfield>
  </datafield>
  <datafield tag="999" ind1=" " ind2=" ">
   <subfield code="a">KXP-PPN24441369X</subfield>
   <subfield code="e">4055678304</subfield>
  </datafield>
 </record>
</collection>
